00679nam a2200241 a 4500001001300000003000900013005001700022008004100039020001000080082001800090100002900108245002300137260004000160300000800200500003500208505001900243650001800262700002900280902000800309942000700317952009800324999001500422nice12345678IN_TiNIC20260116012032.0050524s1929 egya grp 000 0 ara  ac10000a220.9505bCAR aCarmichael, Annie Wilson aAsh-Shaidur Rashid aEgyptbChristian Lit. Societyc1929 a68p aincludes index and biblioraphy2 aReserve copies aBible Stories1 aCarmichael, Annie Wilson bSRS cBK 00104070aHMIbHMId2007-06-18g100.00l0o220.9505 CARp5152r2007-06-18w2026-01-16yARB c5366d5366